| 000 | 00741nam a2200229 i 4500 | ||
|---|---|---|---|
| 001 | bg | ||
| 100 | 1 | _aDIEDRIGKEIT, Rüdiger | |
| 245 | 1 | 0 |
_aRynek pieniądza i papierów wartościowych : _b[przewodnik po rynkach] / _cRüdiger Diedrigkeit ; [tł. z niem. Irena Sieńko, Wojciech Grzegorczyk]. |
| 260 |
_aWarszawa : _bZarządzanie i Bankowość Sp. z o.o., _c1993. |
||
| 300 |
_a308 s. : _bryys. ; _c23 cm. |
||
| 490 | 1 | _aBiblioteka Menedżera i Bankowca | |
| 650 | 9 | _aPieniądz | |
| 650 | 9 | _aPapiery wartościowe | |
| 830 | _aBiblioteka Menedżera i Bankowca | ||
| 020 | _a83857666001 | ||
| 040 | _cBPK | ||
| 041 | _apol | ||
| 080 | _a336.7 | ||
| 920 | _a83-857666-00-1 | ||
| 942 | _cKS | ||
| 008 | s pl f |000 0 pol | ||
| 999 |
_c6450 _d6450 |
||
| 856 |
_uhttp://koha.tu.koszalin.pl/cgi-bin/koha/opac-detail.pl?biblionumber=6450 _yKatalog online BPK |
||